|
|
|
|
| LEADER |
00000cam a2200000 a 4500 |
| 001 |
vtls008383345 |
| 003 |
SK-MaSNL |
| 005 |
20260301205014.0 |
| 008 |
250312s1955 xo o grn 000 0 cze |
| 015 |
|
|
|a SNBA19451955-006839
|
| 020 |
|
|
|q (brožované)
|
| 035 |
|
|
|a SK01SNKBKSFS20020075562
|
| 035 |
|
|
|a urn:nbn:sk:snk-am3j5ke
|
| 035 |
|
|
|a B5C14235-5060-4F7E-98F7-402A56F56C86
|
| 035 |
|
|
|a urn:nbn:sk:snk-am00gl9d
|
| 035 |
|
|
|a SKM000078025
|
| 040 |
|
|
|a SNK
|b slo
|c SNK
|e AACR2
|
| 041 |
0 |
|
|a cze
|b ger
|b rus
|
| 043 |
|
|
|a e-xo---
|
| 044 |
|
|
|a xo
|c SK
|
| 080 |
|
|
|a 594
|2 2011
|
| 080 |
|
|
|a (437.6)
|2 2011
|
| 080 |
|
|
|a (048.8)
|2 2011
|
| 080 |
|
|
|a (047.31)
|2 2011
|
| 100 |
1 |
|
|a Ložek, Vojen,
|d 1925-2020
|4 aut
|9 28072
|
| 245 |
1 |
0 |
|a Zpráva o malakozoologickém výzkumu Velkého Žitného ostrova v roce 1953
|c Vojen Ložek
|
| 246 |
3 |
1 |
|a Doklad o malakozoologičeskom issledovanii Boľšogo Žitnogo ostrova (Veľkij Žitnyj ostrov) v 1953 g.
|
| 246 |
3 |
1 |
|a Bericht über die malakozooligischen Erforschungen im Gebiet der Grossen Schütt-Insel im Jahre 1953
|
| 260 |
|
|
|a Bratislava
|b Vydavateľstvo Slovenskej akadémie vied
|c 1955
|e Bratislava
|f Knižné závody
|
| 300 |
|
|
|a 31 strán
|b fotografie
|c 24 cm
|
| 490 |
1 |
|
|a Práce II. sekcie Slovenskej akadémie vied. Séria biologická
|v Zväzok I., zošit 6
|
| 504 |
|
|
|a Bibliografia na strane 22
|
| 546 |
|
|
|a Nemecké a ruské resumé ; súbežný názov v nemčine a ruštine
|
| 648 |
|
7 |
|a 1953
|2 SNKPH
|9 284770
|
| 650 |
0 |
7 |
|a malakológia
|2 SNKPH
|9 110956
|
| 650 |
0 |
7 |
|a mäkkýše
|2 SNKPH
|9 18799
|
| 651 |
|
7 |
|a Žitný ostrov (Slovensko)
|2 SNKPHgeo
|9 18362
|
| 655 |
|
7 |
|a štúdie
|2 SNKPH
|9 57033
|
| 655 |
|
7 |
|a výskumné spávy
|2 SNKPH
|9 399652
|
| 830 |
|
0 |
|a Práce II. sekcie Slovenskej akadémie vied
|p Séria biologická
|9 309035
|
| 852 |
|
|
|a Slovenská národná knižnica
|
| 958 |
|
|
|a RK
|
| 958 |
|
|
|a TL
|
| 958 |
|
|
|a NB
|
| 958 |
|
|
|a OND
|
| 999 |
|
|
|c 908573
|d 910503
|
| 952 |
|
|
|a SNK
|b SNK
|y PREZ
|7 0
|p 17A1369227
|o snkSC 7513/I/6
|i snkKSP 2021/56
|z Zviazané spolu so zošitmi 1 až 5, 7 a 8
|0 0
|1 0
|4 0
|d 2019-07-16
|f 1
|l 0
|r 2025-07-04 00:00:00
|w 2026-02-24
|